Luật khiếu nại, tố cáo

Enregistré dans:
Détails bibliographiques
Format: Sách giấy
Langue:Vietnamese
Publié: Hà Nội : Chính trị Quốc gia , 1998
Sujets:
Tags: Ajouter un tag
Pas de tags, Soyez le premier à ajouter un tag!
Thư viện lưu trữ: Thư viện Trường Đại học Đà Lạt
LEADER 00661nam a2200253 4500
001 DLU020010354
005 ##11/24/1999
041 # # |a vie 
082 # # |a 342.085  |b VIE 
090 # # |a 342.085  |b VIE 
245 # # |a Luật khiếu nại, tố cáo 
260 # # |a Hà Nội :  |b Chính trị Quốc gia ,  |c 1998 
300 # # |a 59 tr.;   |c 19 cm. 
650 # # |a Giải quyết tranh chấp (Luật)  |z Việt Nam. 
650 # # |a Khiếu nại (Luật tố tụng dân sự)  |z Việt Nam. 
992 # # |a 4500 
994 # # |a DLU 
900 # # |a False 
911 # # |a Administrator 
925 # # |a G 
926 # # |a A 
927 # # |a SH 
980 # # |a Thư viện Trường Đại học Đà Lạt